WWE WrestleMania 29 Match Card - Statistics

General Stats
  • This quiz has been taken 49 times
  • The average score is 21 of 24
Answer Stats
Match type Wrestler % Correct
No Holds Barred Brock Lesnar
97%
Singles CM Punk
97%
Singles John Cena
97%
Six-man tag team Randy Orton
97%
Singles The Rock
97%
Singles The Undertaker
97%
No Holds Barred Triple H
97%
Six-man tag team Dean Ambrose
93%
Tag team Kane
93%
Six-man tag team Roman Reigns
93%
Six-man tag team Seth Rollins
93%
Six-man tag team Sheamus
93%
Singles Alberto Del Rio
90%
Singles Chris Jericho
90%
Tag team Daniel Bryan
90%
Singles Jack Swagger
87%
Six-man tag team Big Show
83%
Tag team Dolph Ziggler
83%
Singles Fandango
83%
Singles The Miz
83%
Singles Mark Henry
77%
Singles Ryback
77%
Tag team Big E Langston
73%
Singles Wade Barrett
73%
No matching quizzes found
Score Distribution
Percent of People with Each Score
Percentile by Number Answered
Your Score History
You have not taken this quiz